书目信息 |
| 题名: |
南京大学法律评论
|
|
| 作者: | 张仁善 主编 | |
| 分册: | 2012年秋季卷(总第38期) | |
| 出版信息: | 北京 法律出版社 2012 |
|
| 页数: | 361页 | |
| 开本: | 26cm | |
| 丛书名: | ||
| 单 册: | ||
| 中图分类: | D9-53 | |
| 科图分类: | ||
| 主题词: | 法律--文集 , 法律 | |
| 电子资源: | ||
| ISBN: | 978-7-5118-3921-3 | |
| 000 | 01023nam0 2200265 450 | |
| 001 | 523 | |
| 005 | 20140905101613.03 | |
| 010 | @a978-7-5118-3921-3@dCNY45.00 | |
| 100 | @a20121206d2012 em y0chiy50 ea | |
| 101 | 0 | @achi@eeng |
| 102 | @aCN@b110000 | |
| 105 | @ay z 000yy | |
| 106 | @ar | |
| 200 | 1 | @a南京大学法律评论@ANan Jing Da Xue Fa Lu^ Ping Lun@h2012年秋季卷(总第38期)@H2012 Nian Qiu Ji Juan ( Zong Di 38 Qi )@f张仁善主编@FZhang Ren Shan Zhu Bian |
| 210 | @a北京@c法律出版社@d2012 | |
| 215 | @a361页@d26cm | |
| 300 | @a中文社会科学引文索引(CSSCI)来源集刊 | |
| 304 | @a英文共同题名:Nanjing university law review | |
| 330 | @a本书设有“法学理论”、“法律史学”、“本期聚焦”、“域外法论”、“国际法论”等栏目,收录了《论孔子思想的专制主义精神》、《刑事和解的刑法文化考察》、《专利契约论的二元范式》等文章。 | |
| 606 | 0 | @a法律@j文集 |
| 606 | 0 | @a法律 |
| 690 | @aD9-53@v5 | |
| 701 | 0 | @a张仁善@AZhang Ren Shan@f(1964~)@4主编 |
| 801 | 0 | @aCN@bTANGWEI@c20140603 |
| 905 | @b0840500-02@dD9-53@e475:38@f3 | |
| 南京大学法律评论.2012年秋季卷(总第38期)/张仁善主编.-北京:法律出版社,2012 |
| 361页;26cm |
| 中文社会科学引文索引(CSSCI)来源集刊 |
| ISBN 978-7-5118-3921-3:CNY45.00 |
| 本书设有“法学理论”、“法律史学”、“本期聚焦”、“域外法论”、“国际法论”等栏目,收录了《论孔子思想的专制主义精神》、《刑事和解的刑法文化考察》、《专利契约论的二元范式》等文章。 |
| ● |
| 相关链接 |
|
|
|
|
正题名:南京大学法律评论
索取号:D9-53/475:38
 
预约/预借
| 序号 | 登录号 | 条形码 | 馆藏地/架位号 | 状态 | 备注 |
| 1 | 0840500 | 208405000 | 第一样本阅览室/ [索取号:D9-53/475:38] | 在馆 | |
| 2 | 0840501 | 208405019 | 第一借阅区/ [索取号:D9-53/475:38] | 在馆 | |
| 3 | 0840502 | 208405028 | 史法系资料室/ [索取号:D9-53/475:38] | 在馆 |